| 000 | 01210nam a2200337 4500 | ||
|---|---|---|---|
| 003 | EG-GICUC | ||
| 005 | 20260228130737.0 | ||
| 008 | 260206s1977 ua |||fr|||| 000 0 ara d | ||
| 017 | _a3207/77 | ||
| 020 | _a9777067216 | ||
| 040 |
_a EG-GICUC _bara _c EG-GICUC _d EG-GICUC _erda |
||
| 041 | 0 | _aara | |
| 082 | 0 | 4 |
_221 _a343.4 _bع ب . ت |
| 092 | 0 | 4 | _221 |
| 099 | _aLaw1 01 343.4 ع ب . ت 1977 | ||
| 100 | 0 |
_aعبدالقادر عودة _eمؤلف. |
|
| 245 | 1 | 2 |
_aالتشريع الجنائي الإسلامي مقارنا بالقانون الوضعى. _nالجزء الثانى / _b _cتأليف عبدالقادر عوده. |
| 250 | _aالطبعة الثالثة | ||
| 264 | 3 |
_aالقاهرة : _bدار التراث، _c1977. |
|
| 300 |
_a762 ؛صفحة _c24 سم. |
||
| 336 |
_2rda content _atext |
||
| 337 |
_2rda media _aComputer |
||
| 338 |
_2rda carrier _aOnline Resource |
||
| 546 | _aالنص باللغة العربية | ||
| 650 | 1 |
_aالتشريع الجنائى الخاص _2qrmak |
|
| 650 | 1 |
_aالقانون الجنائى _zqrmak _2qrmak |
|
| 651 | 1 | _2qrmak | |
| 856 | 4 | 0 | _uhttps://fll.law.cu.edu.eg/fulltext/bks/B10-08063.pdf |
| 905 | _a54 | ||
| 942 |
_2ddc _n0 _cBK _e21 |
||
| 999 |
_c61411 _d61411 |
||